000 00734nam a2200217Ia 4500
001 9924
003 GE_BSU
008 181216s||||||||xx |||||||||||||| ||und||
040 _cGE_BSU
080 _a82-93
100 _aნუცუბიძე,ლილი
245 _aვინ მიამბობს ზღაპარს
245 _bლექსები სკოლამდელთათვის
245 _cრედ.ი.ორჯონიკიძე.მხატვ:ილია უთურაშვილი
260 _aთბილისი
260 _bЮрайт
260 _c1969
300 _a16გვ.22სმ.
653 _aვინ მიამბობს ზღაპარს
942 _cBK
999 _c43199
_d43199